Science Quiz

Random Science or Novel Quiz

Mathematical Works Quiz Stats

 Plays Quiz not verified by Sporcle

Also try: 5 to 1: Weather
Challenge
Share
Tweet
Embed
Score 0/13 Timer 10:00
0 Plays Today
Title Author % Correct
ElementsEuclid
93.6%
Method of FluxionsSir Isaac Newton
76.6%
Modular Elliptic Curves and Fermat's Last TheoremAndrew Wiles
63.8%
Principia MathematicaBertrand Russell
53.2%
Disquisitiones ArithmeticaeCarl Friedrich Gauss
51.1%
Principia MathematicaAlfred North Whitehead
48.9%
On formally undecidable propositions of Principia Mathematica and related systemsKurt Godel
46.8%
Elements of AlgebraLeonhard Euler
40.4%
On the Number of Primes Less Than a Given MagnitudeBernhard Riemann
36.2%
Memoire sur la probabilitie des causes par les evenementsPierre-Simon Laplace
27.7%
On a new method in elementary number theory which leads to an elementary proof of the prime number theoremPaul Erdos
27.7%
Foundations of a General Theory of AggregatesGeorg Cantor
17%
Analysis SitusHenri Poincare
17%

You're not logged in!

Compare scores with friends on all Sporcle quizzes.
OR
Log In

You Might Also Like...

Show Comments

Extras

Top Quizzes Today


Score Distribution

Your Account Isn't Verified!

In order to create a playlist on Sporcle, you need to verify the email address you used during registration. Go to your Sporcle Settings to finish the process.

Report this User

Report this user for behavior that violates our Community Guidelines.

Details: